Love talk - wayv (nct) lyrics english ver. - Statistics

General Stats
  • This quiz has been taken 24 times
  • The average score is 351 of 500
Answer Stats
Answer % Correct
Call
100%
Can
100%
Hear
100%
I
100%
It
100%
Me
100%
Talk
100%
The
100%
To
100%
Touch
100%
Wanna
100%
Way
100%
When
100%
You
100%
A
96%
Callin'
96%
Feel
96%
In
96%
Loving
96%
Tease
96%
Up
96%
Do
91%
Are
87%
Something
87%
Where
87%
Got
83%
Your
83%
Know
78%
What
78%
Doin'
74%
Don't
74%
From
74%
Love
74%
Name
74%
Baby
70%
How
70%
Sayin'
70%
Stranger
70%
We
70%
But
65%
Feeling
65%
Like
65%
Tell
65%
I'm
61%
Into
61%
Just
61%
My
61%
Sign
61%
Language
57%
On
57%
She's
57%
Talking
57%
Want
57%
Make
52%
Speak
52%
Two
52%
What's
52%
After
48%
Dark
48%
Over
48%
Strangers
48%
Yeah
48%
Come
43%
Distant
43%
Gracious
43%
Staying
43%
We're
43%
Clue
39%
Could
39%
Falling
39%
Fly
39%
Lips
39%
Roof
39%
Saying
39%
See
39%
Ain't
35%
Clap
35%
Even
35%
For
35%
Good
35%
Moon
35%
Moving
35%
Waiting
35%
You're
35%
At
30%
Care
30%
Its
30%
It's
30%
Out
30%
Back
26%
Be
26%
Calling
26%
Doing
26%
Down
26%
Fast
26%
Gas
26%
Girl
26%
Going
26%
Max
26%
Maybe
26%
Put
26%
Really
26%
Take
26%
Tank
26%
Vegas
26%
Country
22%
Eyes
22%
Have
22%
Last
22%
Might
22%
Move
22%
That
22%
Thinking
22%
Through
22%
Babe
17%
(Catch
17%
Crime
17%
Flight)
17%
Map
17%
Run
17%
Time
17%
Whisper
17%
You'd
17%
All
13%
Ear
13%
Give
13%
If
13%
Let
13%
Mine
13%
No
13%
Nobody
13%
Of
13%
Okay
13%
One
13%
Ooh
13%
Action
9%
Attraction
9%
Away
9%
Cheap
9%
(Git
9%
Git
9%
Git)
9%
Gon'
9%
Laps
9%
Line
9%
Need
9%
Promise
9%
Runnin'
9%
Yours
9%
×2
4%
About
4%
Get
4%
Here
4%
Talk's
4%
Closer
0%
Front
0%
Never
0%
There's
0%
You'll
0%
No matching quizzes found
Score Distribution
Percent of People with Each Score
Percentile by Number Answered
Your Score History
You have not taken this quiz